Normal view
MARC view
Entry Topical Term
001 - CONTROL NUMBER
- control field: 143
003 - CONTROL NUMBER IDENTIFIER
- control field: OSt
005 - DATE AND TIME OF LATEST TRANSACTION
- control field: 20140630171411.0
008 - FIXED-LENGTH DATA ELEMENTS
- fixed length control field: 140630|| aca||aabn | a|a d
040 ## - CATALOGING SOURCE
- Original cataloging agency: OSt
- Transcribing agency: OSt
150 ## - HEADING--TOPICAL TERM
- Topical term or geographic name entry element: Genomics
- Form subdivision: Problems and Exercises.
670 ## - SOURCE DATA FOUND
- Source citation: Work cat.: (OSt)43: Korf, Bruce R. 138, Human genetics and genomics /, c2006.
